Niet rôznych ciest k rovnakému cieľu. S profesorom Filkusom hovoríme o ekonomike.

Pohľad prof. Filkusa na ekonomiku Slovenska po oddelení českej a slovenskej meny, na nevyhnutnosť proexportnej politiky, konkurencieschopnosť, devízové rezervy Slovenska atď.

Enregistré dans:
Détails bibliographiques
Auteur principal: Filkus, Rudolf
Autres auteurs: Žitňanský, Eduard
Format: Chapitre de livre
Langue:slovaque
Sujets:
Tags: Ajouter un tag
Pas de tags, Soyez le premier à ajouter un tag!

MARC

LEADER 00000naa a2200000 4500
001 r011998
005 20220826094955.2
041 0 |a slo 
044 |a SK 
245 1 0 |a Niet rôznych ciest k rovnakému cieľu.  |b S profesorom Filkusom hovoríme o ekonomike.  |c Rudolf Filkus, Eduard Žitňanský 
520 |a Pohľad prof. Filkusa na ekonomiku Slovenska po oddelení českej a slovenskej meny, na nevyhnutnosť proexportnej politiky, konkurencieschopnosť, devízové rezervy Slovenska atď. 
610 2 0 |a politika hospodárska 
610 2 0 |a Slovensko 
610 2 0 |a 1993 
610 2 0 |a mena 
610 2 0 |a vývoz 
610 2 0 |a konkurencieschopnosť 
610 2 0 |a rezervy devízové 
100 1 |a Filkus, Rudolf 
700 1 |a Žitňanský, Eduard